Statystyki dla Gdzie na Świecie Jest Carmen Sandiego?- Quiz Geograficzny

Kliknij tutaj aby rozwiązać quiz!

Ogólne statystyki

  • Ten quiz został rozwiązany 291 razy
  • Średni wynik to 40 z 53

Statystyki odpowiedzi

Odpowiedź% Poprawnych
Kobieta w czerwony kapeluszu? Owszem była tu niedawno. Mówiła, że leci do stolicy Bułgarii.
99%
Moskwa
99%
Sofia
97%
Zadając liczne pytania na bulwarze Vitosha dowiadujesz się, że ścigana udała się "obejrzeć słynny Akropol"
97%
Ateny
91%
Carmen udała się do Tureckiego miasta leżącego na dwóch kontynentach.
91%
Pod Hagia Sophia dowiadujesz się, że Carmen udała się do miasta z najwyższym wieżowcem na świecie.
89%
Stambuł
89%
Dubaj
84%
Z tarasu widokowego na Burj Khalifa widzisz jedynie oddalający się samolot na którym według świadków znajduje się Carmen. Podobno udała się do stolicy kraju z którego wywodzi się kino Bollywood.
84%
Jak pech to pech. Tropiąc Carmen zostałeś ukąszony przez węża. Obudziłeś się kilka dni później w szpitalu. Od lekarza się dowiadujesz, że "przyjaciółka z długimi czarnymi włosami i w czerwonym płaszczu" była u Ciebie i powiedziała, że leci do stolicy kraju z którego wywodzi się teatr kabuki.
79%
Kiedy myślałeś, że wreszcie udało Ci się dorwać Carmen, ta znika w tłumie. Miałeś pecha, że przyleciałeś w samym środku festiwalu Diwali. Dowiadujesz się przynajmniej, że udała się do australijskiego miasta ze słynną operą.
79%
Nowe Delhi
79%
Sidney
79%
Ktoś widział jak z lotnika Kennedy'ego udała się do miasta do którego prowadzi most Golden Gate
74%
Nowy Jork
74%
Gratulacje udało Ci się dotrzeć do ostatniej lokalizacji. Po tygodniach podróży i pościgu pędzisz pod Koloseum Romana by wreszcie aresztować Carmen. Na miejscu jednak zastajesz tylko trójkę związanych mężczyzn i górę dzieł sztuki. Podchodząc bliżej zauważasz, że skrępowane trio to słynny gang złodziei. Po wezwaniu policji jeden z policjantów zauważa, że masz do pleców przyklejoną kartkę "Mieliśmy niezły ubaw, tobie i Agencji Wywiadowczej zostawiłam mały prezent. 5% jednak należy się znalazcy, to do następnego!"
73%
Masz wrażenie, że pętla co raz bardziej się zaciska. Carmen udała się do stolicy kraju w którym rządzi królowa Elżbieta II
73%
Paryż
73%
Rzym
73%
Londyn
72%
Na miejscu łamanym portugalskim dowiadujesz się jedynie, że ścigana udała się do stolicy kraju w którym niegdyś znajdowało się imperium Azteków.
72%
Na Piccadilly Circus dowiadujesz się, że Carmen udało się do "włoskiego miasta na wodzie"
72%
Podejrzana ubrana w czerwony płaszcz kobieta udała się do miasta w Stanach Zjednoczonych z największą liczbą ludności.
72%
Rio de Janeiro
72%
A
71%
C
71%
E
71%
E
71%
E
71%
I
71%
J
71%
Las Vegas
71%
M
71%
M
71%
Meksyk
71%
N
71%
Pora odczytać wskazówki i wreszcie dorwać Carmen.
71%
R
71%
R
71%
S
71%
T
71%
Tokio
71%
Trafiłeś do miasta grzechu i niestety obudziła się w tobie dusza hazardzisty. Kasyno zawsze jednak na końcu wygrywa i przegrywasz niemałą sumkę którą miałeś wydać na dalszy pościg. Zebranie stosownych środków zajmuje Ci kilka dni. Miałeś udać się do stolicy Kuby.
71%
Trop się urwał, postanawiasz jednak skorzystać z okazji i zwiedzić słynną Akihabre. Oglądając wystawę z nowymi telewizorami 4K nie dowierzasz własnym oczom, w nadwanym właśnie programie w grupie ludzi widzisz Carmen! Szukając innych wskazówek w tle na wzgórzu dostrzegasz wielką statuę Jezusa.
71%
W
71%
Wenecja
71%
Y
71%
Z
71%
Hawana
70%
Kiedy myślisz, że dorwiesz ściganą na dachu więzienia w Alcatraz ta ucieka na swojej lotni, zostawiając Ci kartkę z napisem "widzimy się w amerykańskiej stolicy hazardu". Wasz wrażenie, że Carmen się z tobą droczy.
70%
Nie bez powodu nazywają Kubę wyspą jak wulkan gorąca. Prawie 36*C skwar jest nie do wytrzymania. Nie ma jednak tego złego co by na dobre nie wyszło, bo pewna osoba w czerwonym płaszczu rzucała się w oczy miejscowym. Po zadaniu kilku pytań dowiadujesz się, że Carmen udała się do miasta z Notre Dame
70%
San Francisco
70%

Rozkład punktacji

Percentyl według liczby udzielonych odpowiedzi

Procent ludzi z każdym wynikiem

Twoja historia wyników

Nie rozwiązałeś tego quizu